[Event "34th Open"]
[Site "Donostia ESP"]
[Date "2011.04.21"]
[Round "7"]
[White "Diez Fraile,D"]
[Black "Argandona Riveiro,I"]
[Result "1-0"]
[WhiteElo "2165"]
[BlackElo "2389"]

1.e4 d6 2.d4 Nf6 3.Nc3 e5 4.Nf3 Nbd7 5.g3 Be7 6.Bg2 O-O 7.O-O c6 8.a4 a5
9.Re1 Re8 10.h3 Bf8 11.b3 Qb6 12.Bb2 exd4 13.Nxd4 d5 14.Qd2 Bc5 15.Rad1 Nf8
16.Re2 dxe4 17.Nxe4 Nxe4 18.Rxe4 Rxe4 19.Bxe4 Bxh3 20.Nf5 Bxf5 21.Bxf5 Be7
22.Bc3 Rd8 23.Bd3 Ra8 24.Re1 Qd8 25.Re5 b6 26.Rf5 Ne6 27.Qe2 Bf8 28.Qh5 Qe8
29.Rxf7 h6 30.Qg6 Rd8 31.Bc4 Rd1+ 32.Kh2 Rd5 33.Bxd5 cxd5 34.Rf6 Qxg6 35.Rxg6 Kf7
36.Rxe6 Kxe6 37.Bd4 Bc5 38.Bxg7 Bxf2 39.Bxh6 d4 40.Bd2 Kd5 41.Kg2 Be3 42.Bxe3 dxe3
43.Kf3 Kd4 44.g4 Kc3 45.Kxe3  1-0

[Event "34th Open"]
[Site "Donostia ESP"]
[Date "2011.04.21"]
[Round "7"]
[White "Smith,Mat"]
[Black "Martin Alvarez,I"]
[Result "0-1"]
[WhiteElo "2019"]
[BlackElo "2316"]

1.d4 d6 2.e4 Nf6 3.Nc3 e5 4.Nf3 Nbd7 5.Bc4 Be7 6.O-O O-O 7.h3 c6 8.a4 b6
9.Qe2 a6 10.Rd1 Qc7 11.Be3 Bb7 12.Ba2 Rac8 13.Rac1 b5 14.axb5 axb5 15.d5 cxd5
16.Nxd5 Nxd5 17.Bxd5 Bxd5 18.exd5 Qb7 19.g4 f5 20.gxf5 Rxf5 21.Ra1 Nc5 22.Ra5 Qd7
23.Kg2 Rcf8 24.Ng1 Bg5 25.Bxc5 dxc5 26.f3 Bd8 27.Rxb5 e4 28.Rb3 Qd6 29.fxe4 Rf2+
30.Qxf2 Rxf2+ 31.Kxf2 Qh2+ 32.Kf1 c4 33.Rf3 Bb6  0-1

[Event "Chance Cup Open 2011"]
[Site "Frydek Mistek CZE"]
[Date "2011.04.21"]
[Round "2"]
[White "Miculka,P"]
[Black "Orzechowski,J"]
[Result "1/2-1/2"]
[WhiteElo "2006"]
[BlackElo "2274"]

1.e4 d6 2.d4 Nf6 3.Nc3 Nbd7 4.f4 e5 5.Nf3 exd4 6.Nxd4 g6 7.Be2 Bg7 8.O-O O-O
9.Kh1 Re8 10.Bf3 Nc5 11.Re1 Ng4 12.Bxg4 Bxg4 13.Qxg4 Bxd4 14.f5 Bxc3 15.bxc3 Qe7
16.e5 dxe5 17.Bg5 f6 18.Be3 Kg7 19.Rf1 Nd7 20.Rf3 Qf7 21.Rh3 g5 22.Rh5 Kh8
23.h4 gxh4 24.Rd1 Rad8 25.Qxh4 Nb6 26.Rf1 Nd5 27.Rf3 Nxe3 28.Rxe3 Rd6 29.Rh3 Re7
30.Rh6 e4 31.Re3 Re8 32.Rxe4 Rxe4 33.Qxe4 Qd7 34.Kh2 Kg7 35.Rh3 Rd5 36.Rg3+ Kh8
37.Qb4 c5 38.Qg4 Qf7 39.Re3 Qc7+ 40.g3 Rd2+ 41.Re2 Qd7 42.Qe4 Rxe2+ 43.Qxe2 Qxf5
44.Qe8+ Kg7 45.Qe7+ Kg6 46.Qe8+ Kh6 47.Qf8+ Kg5 48.Qg7+ Qg6 49.Qxb7 Qxc2+
50.Kh3 Qf5+ 51.Kg2 Kg4 52.Qg7+ Qg5 53.Qd7+ Qf5 54.Qg7+ Kh5 55.Qxa7 Qc2+ 56.Kh3 Qf5+
57.Kg2 Qc2+ 58.Kh3 Qf5+  1/2-1/2

[Event "Duflex Cup IM 2011"]
[Site "Frydek Mistek CZE"]
[Date "2011.04.21"]
[Round "3"]
[White "Petenyi,T"]
[Black "Vesselovsky,S"]
[Result "1/2-1/2"]
[WhiteElo "2369"]
[BlackElo "2360"]

1.e4 d6 2.d4 Nf6 3.Nc3 e5 4.Nf3 Nbd7 5.Bc4 Be7 6.O-O O-O 7.Re1 c6 8.a4 b6
9.Ba2 a6 10.h3 Rb8 11.dxe5 dxe5 12.Nh4 Ne8 13.Nf5 Bg5 14.Qg4 Bxc1 15.Raxc1 Qf6
16.Qg3  1/2-1/2

[Event "ch-Americas Continental"]
[Site "Toluca MEX"]
[Date "2011.04.21"]
[Round "3"]
[White "Arenas,D"]
[Black "Felgaer,R"]
[Result "1/2-1/2"]
[WhiteElo "2420"]
[BlackElo "2577"]

1.e4 d6 2.d4 Nf6 3.Nc3 c6 4.Nf3 Bg4 5.h3 Bh5 6.Bd3 e6 7.Qe2 Be7 8.g4 Bg6
9.Bf4 d5 10.O-O-O dxe4 11.Nxe4 Nxe4 12.Bxe4 Bxe4 13.Qxe4 Qd5 14.Qxd5 cxd5
15.Ne5 Nd7 16.Rhe1 h5 17.Kb1 Rc8 18.Rd3 hxg4 19.hxg4 g5 20.Bd2 Rh2 21.f3 Nf8
22.Rc3 Rxc3 23.Bxc3 Rf2 24.Rg1 Bf6 25.Be1 Re2 26.Kc1 Bxe5 27.dxe5 Ng6 28.Kd1 Re3
29.Rg3 Nxe5 30.Bc3 Nxf3 31.Bd2 Nxd2 32.Rxe3 Nc4 33.Rb3 b6 34.Kc1 Ke7 35.Rf3 Ne5
36.Ra3 a5 37.Rb3 Nd7 38.Kd2 Kd6 39.Ke2 e5 40.Rf3 f6 41.Rf1 Ke6 42.Ke3 d4+
43.Kd3 b5 44.c3 Nc5+ 45.Ke2 dxc3 46.bxc3 Ne4 47.Kd3 Nd6 48.Rf2 a4 49.Rf1 Nc4
50.Rb1 Nd6 51.Rf1 Nc4  1/2-1/2

[Event "17th Asian Cities"]
[Site "Jakarta INA"]
[Date "2011.04.22"]
[Round "1.12"]
[White "Suhail,A"]
[Black "Tandukar,N"]
[Result "1-0"]
[WhiteElo "2242"]
[BlackElo "1978"]

1.Nc3 Nf6 2.e4 d6 3.d4 Nbd7 4.f4 g6 5.e5 Nh5 6.Be2 Ng7 7.Nf3 e6 8.O-O d5
9.Be3 Be7 10.Bd3 O-O 11.Ne2 f6 12.Qd2 c5 13.c3 Qb6 14.Ng3 a5 15.Rae1 f5 16.Qf2 a4
17.a3 Ra5 18.Rc1 c4 19.Bb1 Rb5 20.Rc2 Bxa3 21.bxa3 Rxb1 22.Rxb1 Qxb1+ 23.Nf1 Qb3
24.Bc1 Re8 25.Qd2 Qb6 26.Rb2 Qc6 27.Qe1 Nf8 28.Be3 Bd7 29.Qh4 Qc7 30.Ng5 Bc6
31.Bc1 Qe7 32.Rf2 Ra8 33.Ne3 Ra5 34.Nc2 Rb5 35.Nb4 Ne8 36.Rf3 Qg7 37.Rh3 Nc7
38.g4 Be8 39.Qg3 Na6 40.Qg2 Rb6 41.gxf5 gxf5 42.Rg3 Bg6 43.h4 Qh6 44.Nf3 Nxb4
45.axb4 Ra6 46.Ba3 b5 47.Rg5 Ra7 48.h5 Rg7 49.hxg6 hxg6 50.Qh2 Rh7 51.Qxh6 Rxh6
52.Kg2 Nh7 53.Rg3 Kg7 54.Bc1 Rh5 55.Rh3 Kh6 56.Ne1 a3 57.Bxa3 Rxh3 58.Kxh3 g5
59.Bc1 g4+ 60.Kg3 Nf8 61.Nc2 Nd7 62.Na3  1-0

[Event "4th Pedro Montalvo Mem"]
[Site "Las Palmas ESP"]
[Date "2011.04.22"]
[Round "6"]
[White "Rodriguez Perez,D"]
[Black "Salazar de la Cruz,Jose Maria"]
[Result "1-0"]
[WhiteElo "2029"]
[BlackElo "1712"]

1.e4 d6 2.d4 Nf6 3.Nc3 e5 4.Nf3 Nbd7 5.Bc4 exd4 6.Qxd4 Be7 7.Bxf7+ Kxf7 8.Ng5+ Kg8
9.Qc4+ d5 10.Nxd5 Ne5 11.Nxf6+ Kf8 12.Ngxh7+ Rxh7 13.Nxh7+ Ke8 14.Qg8+  1-0

[Event "Lenk Open"]
[Site "Lenk SUI"]
[Date "2011.04.22"]
[Round "2"]
[White "Emmott,S"]
[Black "Hofer,H"]
[Result "1-0"]
[WhiteElo "1843"]
[BlackElo "1736"]

1.e4 d6 2.d4 Nf6 3.Nc3 c6 4.f4 Qa5 5.Bd2 Qb6 6.Nf3 Bg4 7.h3 Bxf3 8.Qxf3 Qxd4
9.O-O-O Qb6 10.e5 dxe5 11.fxe5 Nd5 12.Nxd5 cxd5 13.Qxd5 Nc6 14.e6 f6  1-0

[Event "Lenk Open"]
[Site "Lenk SUI"]
[Date "2011.04.22"]
[Round "2"]
[White "Mihok,O"]
[Black "Meyer,B"]
[Result "1-0"]
[WhiteElo "2462"]
[BlackElo "2164"]

1.e4 d6 2.d4 Nf6 3.Nc3 e5 4.Nf3 Nbd7 5.Bc4 Be7 6.O-O O-O 7.Re1 b6 8.a4 a6
9.Qe2 c6 10.Rd1 Qc7 11.d5 c5 12.Rb1 Ne8 13.b4 cxb4 14.Rxb4 g6 15.Be3 Ng7
16.Rdb1 Rb8 17.R4b3 f5 18.Bxa6 f4 19.Bxc8 Rfxc8 20.Bd2 g5 21.Ne1 Nf6 22.Nd3 g4
23.Nb4 Rf8 24.Na6 f3 25.Qd3 Qc8 26.Nxb8 Qxb8 27.Rxb6 Qe8 28.Rb8 Qh5 29.Rxf8+ Bxf8
30.g3  1-0

[Event "V New Open Lugano"]
[Site "Lugano SUI"]
[Date "2011.04.22"]
[Round "1.15"]
[White "Brunello,M"]
[Black "Di Trapani,Luigi"]
[Result "1-0"]
[WhiteElo "2175"]
[BlackElo "1575"]

1.e4 d6 2.d4 Nf6 3.Nc3 c6 4.a4 g6 5.h3 Bg7 6.Nf3 O-O 7.Bd3 Nbd7 8.O-O e5
9.Be3 Re8 10.dxe5 Nxe5 11.Be2 Qc7 12.Nd4 Be6 13.f4 Bc4 14.fxe5 Bxe2 15.Qxe2 dxe5
16.Nf3 b6 17.Rad1 Rad8 18.Rxd8 Rxd8 19.Nh2 Nh5 20.Rd1 Rxd1+ 21.Qxd1 Bf8 22.Nf1 Nf6
23.Bg5 Nh5 24.Qd8 Qxd8 25.Bxd8 Bc5+ 26.Kh2 f6 27.g4 Nf4 28.Bxf6 Bd4 29.Bg5 Ne6
30.Be3 Kf7 31.Kg2 Nc5 32.Bxd4 exd4 33.Ne2 d3 34.cxd3 Nxd3 35.b3 Nc5 36.Nd2 Ne6
37.Kg3 Kf6 38.Nf4 h6 39.Nxe6 Kxe6 40.Kf4 g5+ 41.Ke3 a5 42.Nc4  1-0

[Event "ch-BLR Junior"]
[Site "Minsk BLR"]
[Date "2011.04.22"]
[Round "8"]
[White "Grib,R"]
[Black "Siagodnik,A"]
[Result "1-0"]
[WhiteElo "2284"]
[BlackElo "2164"]

1.e4 d6 2.d4 Nf6 3.Nc3 e5 4.dxe5 dxe5 5.Qxd8+ Kxd8 6.Bg5 Be6 7.Rd1+ Kc8 8.Bxf6 gxf6
9.Nd5 Nd7 10.Ne2 f5 11.exf5 Bxf5 12.Ng3 Be6 13.Bc4 Bc5 14.Bb3 c6 15.Ne3 Bxb3
16.axb3 Kc7 17.Ne4 b6 18.Nf5 Rhd8 19.Ke2 Nf8 20.b4 Bxb4 21.c3 Bxc3 22.Nxc3 Ne6
23.Ke3 f6 24.g3 a5 25.Ne4 Rg8 26.Rd6 Rae8 27.Rc1 c5 28.Nc3 Nd4 29.Nd5+ Kb7
30.Rxb6+ Ka7 31.Rxc5  1-0

[Event "57th ch-WLS"]
[Site "Cardiff WLS"]
[Date "2011.04.23"]
[Round "3.10"]
[White "Smith,O"]
[Black "Van Kemenade,R"]
[Result "1/2-1/2"]
[WhiteElo "2004"]
[BlackElo "1951"]

1.e4 d6 2.d4 Nf6 3.Nc3 Nbd7 4.Be3 e5 5.h3 c6 6.Nf3 Qc7 7.Qd2 b5 8.Bd3 a6
9.O-O Be7 10.Ne2 h6 11.c3 Nf8 12.Rad1 Rg8 13.Bc2 g5 14.Ng3 Ng6 15.d5 c5 16.a4 Nf4
17.Nxe5 dxe5 18.d6 Qc6 19.dxe7 Kxe7 20.axb5 axb5 21.b4 cxb4 22.cxb4 Kf8 23.Bc5+ Kg7
24.Qd6 Qxd6 25.Bxd6 Re8 26.Nf5+ Bxf5 27.exf5 Ra2 28.Bb1 Rb2 29.Rfe1 e4 30.Bc5 e3
31.Bxe3 Rxb4 32.Bd3 Nxd3 33.Rxd3 Rbe4 34.Rb1 b4 35.Rd4 Kg8 36.Rbxb4 R4e5
37.Rb3 Rxf5 38.Rd6 Re6 39.Rbb6 Rfe5 40.Bd4 Re1+ 41.Kh2 Ne8 42.Rxe6 Rxe6 43.Rxe6 fxe6
44.g4 Kf7 45.Kg3 Nf6 46.Kf3 Nd7 47.Ke4 Kg6 48.f3 h5 49.f4 hxg4 50.hxg4 gxf4
51.Kxf4 e5+  1/2-1/2

[Event "Lenk Open"]
[Site "Lenk SUI"]
[Date "2011.04.23"]
[Round "4"]
[White "Schweizer,Samuel"]
[Black "Bachofner,S"]
[Result "0-1"]
[WhiteElo "1772"]
[BlackElo "1904"]

1.e4 d6 2.d4 Nf6 3.Nc3 c6 4.Nf3 Bg4 5.Be2 Nbd7 6.Bf4 Qa5 7.O-O e5 8.dxe5 dxe5
9.Be3 Bb4 10.Nd2 Bxe2 11.Nxe2 Rd8 12.c3 Be7 13.Ng3 O-O 14.Nf5 Rfe8 15.Qc2 Ng4
16.b4 Nxe3 17.fxe3 Qc7 18.Qd1 Nf6 19.Qe2 Qd7 20.Rad1 Qe6 21.Nxe7+ Rxe7 22.Qc4 Red7
23.Qe2 Qxa2  0-1

[Event "ch-FRA u20b"]
[Site "Montlucon FRA"]
[Date "2011.04.23"]
[Round "8.2"]
[White "Sochacki,W"]
[Black "Devallee,J"]
[Result "1-0"]
[WhiteElo "2294"]
[BlackElo "2049"]

1.e4 d6 2.d4 Nf6 3.Nc3 Nbd7 4.Nge2 e5 5.h3 h5 6.g3 c6 7.a4 Qc7 8.Bg2 Be7
9.Be3 b6 10.O-O a6 11.f4 Bb7 12.Qe1 g6 13.Nc1 O-O-O 14.Nd3 exd4 15.Bxd4 Rhg8
16.a5 b5 17.e5 Ne8 18.e6 fxe6 19.Qxe6 Ng7 20.Qxg6 Nf5 21.Qxf5 Rxg3 22.Bb6 Rxg2+
23.Kxg2 c5+ 24.Nd5 Qc6 25.Bxd8 Bxd8 26.b3 Qxd5+ 27.Qxd5 Bxd5+ 28.Kh2 Nf6
29.Nf2 b4 30.Rg1 Kd7 31.Rad1 Kc6 32.Rg6 Nd7 33.Nd3 Nf6 34.Kg1 Be4 35.Rh6 Bf5
36.Ne5+ Kc7 37.Nf7 Be7 38.Re1 Kd7 39.Re2 Ne4 40.Rh8 Bf6 41.Nh6 Ng3 42.Rhe8 Bxh3
43.Re1 h4 44.Kh2 Bf1 45.Ra8 Bb5 46.Ng4 Bc3 47.Ree8 Nf5 48.Rf8 Nd4 49.f5 Nxc2
50.Rf7+ Kc6 51.f6 Bxf6 52.Nxf6 Bd3 53.Rb8 c4 54.bxc4 Bxc4 55.Rc8+ Kb5 56.Rb7+ Kxa5
57.Rxc4  1-0

[Event "Joao Braga Open"]
[Site "Sao Paolo BRA"]
[Date "2011.04.24"]
[Round "8.15"]
[White "Ferreira,Eu"]
[Black "Abdalla,L"]
[Result "0-1"]
[WhiteElo "2105"]
[BlackElo "2322"]

1.e4 d6 2.d4 Nf6 3.Nc3 e5 4.Nf3 Nbd7 5.Bc4 Be7 6.Bxf7+ Kxf7 7.Ng5+ Kg8 8.Ne6 Qe8
9.Nxc7 Qg6 10.Nxa8 Qxg2 11.Rf1 exd4 12.Qe2 dxc3 13.Qc4+ d5 14.Qxc8+ Kf7 15.Qxh8 Qxe4+
16.Be3 cxb2 17.Rd1 Qxc2 18.Bd2 Qe4+ 19.Be3 b1=Q 20.Rxb1 Qxb1+ 21.Ke2 Qb5+  0-1

[Event "ch-RUS Rapid Women"]
[Site "Olginka RUS"]
[Date "2011.04.25"]
[Round "5"]
[White "Bodnaruk,A"]
[Black "Fominykh,M"]
[Result "1-0"]
[WhiteElo "2423"]
[BlackElo "2303"]

1.e4 d6 2.d4 Nf6 3.Nc3 e5 4.Nge2 Be7 5.g3 c6 6.Bg2 O-O 7.a4 a5 8.O-O Na6
9.h3 Nb4 10.Be3 Be6 11.f4 exd4 12.Nxd4 Bc4 13.Re1 Re8 14.b3 Ba6 15.Qd2 Bf8
16.Rad1 Qc7 17.Qf2 Nd7 18.f5 Be7 19.Bf4 Qb6 20.Rd2 Bf6 21.Red1 Ne5 22.Nde2 Qxf2+
23.Kxf2 Bd8 24.g4 Bb6+ 25.Kg3 Bc5 26.g5 b6 27.Ng1 f6 28.h4 Kf7 29.Nf3 h6
30.Nd4 hxg5 31.hxg5 fxg5 32.Bxg5 Bc8 33.Bh3 Rh8 34.Rh2 d5 35.exd5 cxd5 36.Bf4 Ned3
37.cxd3 Bxd4 38.Nb5 Bc5 39.d4 Be7 40.Nc7 Ra7 41.Re2 Ba6 42.Re3 Bf6 43.Bg4 Nc2
44.Re6 Bc8 45.Rxb6 Bxd4 46.Rc6 Nb4 47.Rg6 Bf6 48.Nb5 Ra8 49.Nd6+ Ke7 50.Re1+ Kd7
51.Re6 Kc6 52.Nxc8+ Kc5 53.Nd6 Nd3 54.Nb5 Kb4 55.Nc7 Rac8 56.Nxd5+ Kxb3 57.Nxf6 gxf6
58.Rgxf6 Rc3 59.Re3 Rh1 60.Rb6+ Kxa4 61.Rf3 Rg1+ 62.Kh4 Rc4 63.Rxd3 Rxf4
64.Rg3 Rh1+ 65.Kg5 Rb4 66.Rxb4+ axb4 67.f6 b3 68.Bd7+ Kb4 69.Be6 Rb1 70.Rxb3+  1-0

[Event "ch-RUS Rapid Women"]
[Site "Olginka RUS"]
[Date "2011.04.26"]
[Round "7"]
[White "Tomilova,E"]
[Black "Fominykh,M"]
[Result "1/2-1/2"]
[WhiteElo "2315"]
[BlackElo "2303"]

1.d4 d6 2.e4 Nf6 3.Nc3 e5 4.Nf3 Nbd7 5.Bc4 Be7 6.O-O O-O 7.a4 c6 8.h3 a5
9.Re1 Nb6 10.Bf1 Nfd7 11.d5 cxd5 12.Nxd5 Nxd5 13.Qxd5 Nc5 14.Qd1 f5 15.Bc4+ Kh8
16.exf5 Bxf5 17.Bd5 Qe8 18.Be3 Nxa4 19.Ra2 Rc8 20.c3 b5 21.c4 Bd7 22.cxb5 Bxb5
23.Bb3 Nc5 24.Bxc5 Rxc5 25.Rxa5 Be2 26.Qxe2 Rxa5 27.Bc2 Qh5 28.Qe4 Rf4 29.Qb7 Bf8
30.b4 Ra3 31.Be4 Rb3 32.b5 Qe8 33.Bc6 Qd8 34.Ra1 Qf6  1/2-1/2

[Event "ch-RUS Rapid"]
[Site "Olginka RUS"]
[Date "2011.04.26"]
[Round "7"]
[White "Nakhapetiane,P"]
[Black "Kokarev,Dm"]
[Result "1-0"]
[WhiteElo "2495"]
[BlackElo "2576"]

1.e4 d6 2.d4 Nf6 3.Nc3 c6 4.f4 Qa5 5.Bd3 e5 6.Nf3 Bg4 7.Be3 Nbd7 8.O-O Be7
9.Qd2 Bxf3 10.Rxf3 Ng4 11.Ne2 Qb6 12.c3 Nxe3 13.Rxe3 Bf6 14.Bc4 O-O 15.Kh1 Rad8
16.Rf1 Rfe8 17.fxe5 dxe5 18.Rg3 Kf8 19.Rxf6 gxf6 20.Rf3 Ke7 21.d5 Kd6 22.dxc6+ Kxc6
23.Bxf7 Rf8 24.Bd5+ Kc7 25.Ng3 f5 26.Nxf5 Nf6 27.c4 Nxe4 28.Qe1 Nc5 29.Qxe5+ Kc8
30.Nd6+ Kd7 31.Rxf8 Rxf8 32.Qg7+ Kxd6 33.Qxf8+ Kd7 34.Qg7+ Kd8 35.Qh8+  1-0

[Event "17th Asian Cities"]
[Site "Jakarta INA"]
[Date "2011.04.27"]
[Round "7.7"]
[White "Pourkashiyan,A"]
[Black "Shrestha,B"]
[Result "1-0"]
[WhiteElo "2371"]
[BlackElo "2129"]

1.e4 d6 2.d4 Nf6 3.Nc3 Nbd7 4.Nf3 c5 5.Bc4 cxd4 6.Qxd4 a6 7.Be3 g6 8.Bxf7+ Kxf7
9.Ng5+ Kg8 10.Qc4+ d5 11.Nxd5 Ne5 12.Nxf6+ Kg7 13.Ne8+ Qxe8 14.Bd4 Kh6 15.Bxe5 Kxg5
16.Bxh8 e5 17.O-O Bd6 18.f4+  1-0

[Event "Heroes Day Masters"]
[Site "Bridgetown BAR"]
[Date "2011.04.28"]
[Round "1"]
[White "Uribe,M"]
[Black "Moran Nuque,A"]
[Result "1/2-1/2"]
[WhiteElo "2355"]
[BlackElo "2394"]

1.e4 d6 2.d4 Nf6 3.Nc3 c6 4.a4 Qa5 5.Bd2 e5 6.dxe5 dxe5 7.Nd5 Qd8 8.Nxf6+ Qxf6
9.Nf3 Bg4 10.Bg5 Bxf3 11.Qd2 Qd6 12.gxf3 Qxd2+ 13.Bxd2 Nd7 14.Bc4 Bd6 15.Rg1 g6
16.Rd1 Ke7 17.Ke2 Rad8 18.Be3 Nb6 19.Bb3 f6 20.c3 Rd7  1/2-1/2

[Event "Victory Day GM"]
[Site "Moscow RUS"]
[Date "2011.04.28"]
[Round "1"]
[White "Reshetnikov,Al"]
[Black "Malaniuk,V"]
[Result "1/2-1/2"]
[WhiteElo "2487"]
[BlackElo "2494"]

1.e4 d6 2.d4 Nf6 3.Nc3 e5 4.Nf3 Nbd7 5.Bc4 Be7 6.O-O O-O 7.Re1 c6 8.a4 a5
9.h3 Nb6 10.Bb3 Nfd7 11.Qe2 exd4 12.Nxd4 Nc5 13.Bf4 Re8 14.Rad1 Bf8 15.Qf3 Qf6
16.Re2 Qg6 17.Bg3 Bd7 18.Red2 Rad8 19.Nde2 Nxb3 20.cxb3 Be6 21.Nf4 Qf6  1/2-1/2

[Event "Karlovy Vary Open"]
[Site "Karlovy Vary CZE"]
[Date "2011.04.29"]
[Round "2.1"]
[White "Musil,Vi"]
[Black "Neuman,P"]
[Result "1/2-1/2"]
[WhiteElo "2040"]
[BlackElo "2469"]

1.e4 d6 2.d4 Nf6 3.Nc3 e5 4.dxe5 dxe5 5.Qxd8+ Kxd8 6.Bg5 Be6 7.O-O-O+ Nd7
8.Nf3 Bd6 9.Nb5 Ke7 10.Nxd6 cxd6 11.Kb1 h6 12.Bxf6+ Nxf6 13.Bd3 Nh5 14.Rhe1 Nf4
15.Bf1 Rac8 16.Nd2 g6 17.g3 Nh5 18.Be2 Nf6 19.f3 Nd7 20.Nf1 f5 21.exf5 gxf5
22.Ne3 Nf6 23.f4 e4 24.c3 h5 25.Ng2 d5 26.Nh4 Kf7 27.Rd4 Ng8 28.Ng2 Ne7 29.Ne3 Rcd8
30.Red1 Rdg8 31.c4 Nc6 32.cxd5 Nxd4 33.dxe6+ Nxe6 34.Nxf5 Rd8 35.Nd6+ Ke7
36.Nxe4 Rxd1+ 37.Bxd1 h4 38.f5 hxg3 39.hxg3 Rh1 40.f6+ Kf7 41.Kc2 Kg6 42.g4 b6
43.Kd2 Nc5 44.Nxc5 bxc5 45.g5 Kxg5 46.f7 Rh8 47.Bb3 Kf6 48.Bc4 Rf8 49.Kc3 Ke5
50.Kd3 a5 51.a4 Rd8+  1/2-1/2

[Event "2nd Lille Open"]
[Site "Lille FRA"]
[Date "2011.04.29"]
[Round "6.11"]
[White "Cappon,J"]
[Black "Degraeve,JM"]
[Result "0-1"]
[WhiteElo "2239"]
[BlackElo "2573"]

1.e4 d6 2.d4 Nf6 3.Nc3 e5 4.Nf3 exd4 5.Qxd4 a6 6.Bg5 Be7 7.h3 Nc6 8.Qd2 Be6
9.Nd4 Nxd4 10.Qxd4 O-O 11.Be2 Re8 12.O-O Nxe4 13.Qxe4 Bxg5 14.Qxb7 Rb8 15.Qxa6 Rxb2
16.Bd3 Bf6 17.Qa5 c5 18.Qa3 Rb8 19.Be4 d5 20.Bf3 Ra8 21.Qb3 c4 22.Qb4 Qa5  0-1

[Event "Victory Day GM"]
[Site "Moscow RUS"]
[Date "2011.04.29"]
[Round "2"]
[White "Arslanov,S"]
[Black "Malaniuk,V"]
[Result "1-0"]
[WhiteElo "2411"]
[BlackElo "2494"]

1.e4 d6 2.d4 Nf6 3.Nc3 e5 4.Nf3 Nbd7 5.g4 Nxg4 6.Rg1 Ngf6 7.Bc4 h6 8.Be3 c6
9.dxe5 dxe5 10.Qd3 b5 11.Bb3 Qa5 12.O-O-O Ba6 13.Nd2 g5 14.Kb1 Rd8 15.Qf1 Nc5
16.Qh3 Nxb3 17.Nxb3 Rxd1+ 18.Rxd1 Qc7 19.Bxg5 Nd7 20.f4 Rg8 21.Bh4 Bc8 22.f5 a5
23.a4 b4 24.Ne2 c5 25.Ng3 c4 26.Nc1 Qc6 27.Nh5 Be7 28.f6 Bf8 29.Qf5 Qe6 30.Qh7 Qg4
31.Ng7+ Rxg7 32.fxg7 Qxg7 33.Qf5 Be7 34.Bxe7 Kxe7 35.Rd5 Qg2 36.Rxa5 b3 37.cxb3 Bb7
38.Rxe5+ Nxe5 39.Qxe5+ Kd7 40.bxc4 Bxe4+ 41.Ka2 f5 42.Nb3 Qc2 43.Qd4+ Ke7
44.Nc5 Kf7 45.a5 Bg2 46.h4 Bf1 47.Qd5+ Kg6 48.Qc6+ Kh7 49.a6 Bxc4+ 50.Ka3 Qd1  1-0

[Event "43rd TCh-ITA 2011"]
[Site "Spoleto ITA"]
[Date "2011.04.29"]
[Round "4"]
[White "Bonafede,A"]
[Black "De Santis,A"]
[Result "0-1"]
[WhiteElo "2389"]
[BlackElo "2295"]

1.e4 d6 2.d4 Nf6 3.Nc3 e5 4.Nf3 exd4 5.Nxd4 Be7 6.Nde2 O-O 7.g3 Re8 8.Bg2 Nbd7
9.O-O c6 10.h3 Bf8 11.g4 Nc5 12.Ng3 a5 13.a4 Qc7 14.Bg5 Be7 15.Qd2 Be6 16.Bf4 Rad8
17.b3 Nfd7 18.Be3 Nb6 19.Nce2 Nbd7 20.Nd4 d5 21.Bf4 Ne5 22.Bxe5 Qxe5 23.f4 Qc7
24.Nxe6 fxe6 25.e5 g5 26.Nh5 Nd7 27.Rae1 Rf8 28.Qe2 gxf4 29.Nxf4 Rxf4 30.Rxf4 Bh4
31.Ref1 Qxe5 32.Qxe5 Nxe5 33.Rd4 Ng6 34.Rdd1 e5 35.Be4 dxe4 36.Rxd8+ Bxd8
37.Re1 e3 38.Kg2 Nf4+ 39.Kf3 e2 40.Rh1  0-1

[Event "TCh-ESP Selecciones Autonomicas"]
[Site "Gijon ESP"]
[Date "2011.04.30"]
[Round "3.3"]
[White "Martin Fuentes,A"]
[Black "Argandona Riveiro,I"]
[Result "1/2-1/2"]
[WhiteElo "2307"]
[BlackElo "2389"]

1.e4 d6 2.d4 Nf6 3.Nc3 e5 4.Nge2 Be7 5.f3 O-O 6.Be3 exd4 7.Nxd4 d5 8.Nxd5 Nxd5
9.exd5 Re8 10.Kf2 Qxd5 11.Bb5 Bd7 12.Bxd7 Nxd7 13.Nb3 Qe6 14.Re1 Bh4+ 15.g3 Bf6
16.Bd4 Qh3 17.Kg1 Ne5 18.Bxe5 Bxe5 19.c3 Bxg3 20.hxg3 Qxg3+ 21.Kf1 Qh3+ 22.Kg1 Qg3+
23.Kf1 Qh3+ 24.Kg1  1/2-1/2

[Event "4NCL 2010-11"]
[Site "Hinkley Island ENG"]
[Date "2011.04.30"]
[Round "9.11"]
[White "Tiviakov,S"]
[Black "Shaw,J"]
[Result "1-0"]
[WhiteElo "2621"]
[BlackElo "2439"]

1.e4 d6 2.d4 Nf6 3.Nc3 e5 4.Nf3 Nbd7 5.Bc4 Be7 6.O-O O-O 7.a4 c6 8.Re1 b6
9.d5 cxd5 10.Bxd5 Nxd5 11.Nxd5 Nf6 12.Nxf6+ Bxf6 13.c4 Bb7 14.b3 Be7 15.Qd3 f5
16.exf5 e4 17.Rxe4 Bxe4 18.Qxe4 Bf6 19.Qd5+ Kh8 20.Rb1 Be5 21.g4 h6 22.Be3 Qf6
23.Rd1 Rab8 24.Kg2 Kh7 25.h3 a6 26.Rd3 Qe7 27.Qe4 Bf6 28.Qxe7 Bxe7 29.Rd5 Rfc8
30.Nd2 g6 31.fxg6+ Kxg6 32.Ne4 Rc6 33.Bf4 Rd8 34.Kg3 Bf8 35.h4 Be7 36.Be3 Rf8
37.f4 Kh7 38.h5 Re8 39.Bd4 Bh4+ 40.Kf3 Re6 41.g5  1-0

[Event "Karlovy Vary Open"]
[Site "Karlovy Vary CZE"]
[Date "2011.04.30"]
[Round "4.5"]
[White "Lorencova,V"]
[Black "Fiala,R"]
[Result "0-1"]
[WhiteElo "1994"]
[BlackElo "2295"]

1.e4 Nf6 2.Nc3 d6 3.d4 c6 4.Be2 g6 5.Be3 Bg7 6.Qd2 h6 7.O-O-O b5 8.f4 b4
9.Nb1 Nxe4 10.Qxb4 Nd7 11.Bf3 f5 12.g4 Ndf6 13.Nc3 Be6 14.Nge2 O-O 15.gxf5 gxf5
16.Rhg1 a5 17.Qa3 Qb8 18.Rg6 Kh7 19.Rdg1 Rf7 20.Nxe4 fxe4 21.Bxe4 Nxe4 22.Rxe6 Qb5
23.Nc3 Nxc3 24.Qxc3 Qf5 25.Reg6 c5 26.Qd2 cxd4 27.Bxd4 e5 28.Bc3 d5 29.Qg2 Raa7
30.Kb1 d4 31.Bd2 e4 32.Qg3 e3 33.Be1 Rab7 34.b3 a4 35.Rg2 axb3 36.axb3 Rxb3+
37.Kc1 Rbb7 38.Qg4 Qb5 39.Kd1 Rfe7 40.Re6 Qb1+ 41.Ke2 Qxc2+ 42.Kf3 Qd1+ 43.Re2 d3
44.Qg6+ Kg8 45.Rxe7 Qxe2+ 46.Kg3 Qxe1+ 47.Kh3 Qf1+  0-1

[Event "Nakhchivan Open"]
[Site "Nakhchivan AZE"]
[Date "2011.04.30"]
[Round "8"]
[White "Guseinov,G"]
[Black "Gagunashvili,M"]
[Result "1/2-1/2"]
[WhiteElo "2584"]
[BlackElo "2599"]

1.e4 d6 2.d4 Nf6 3.Nc3 e5 4.Nf3 Nbd7 5.Bc4 Be7 6.O-O O-O 7.Re1 a6 8.a4 b6
9.Ba2 c6 10.Be3 Rb8 11.Nh4 exd4 12.Bxd4 Nc5 13.Nf3 Ne6 14.e5 dxe5 15.Bxe5 Qxd1
16.Raxd1 Rb7 17.Nd4 Nxd4 18.Bxd4 b5  1/2-1/2

[Event "43rd TCh-ITA 2011"]
[Site "Spoleto ITA"]
[Date "2011.04.30"]
[Round "5"]
[White "Delizia,C"]
[Black "Scalcione,M"]
[Result "0-1"]
[WhiteElo "2159"]
[BlackElo "2344"]

1.e4 d6 2.d4 Nf6 3.Nc3 e5 4.Nf3 Nbd7 5.Bc4 Be7 6.O-O O-O 7.Re1 c6 8.a4 a5
9.h3 h6 10.b3 Nh7 11.Ne2 Ng5 12.Nxg5 hxg5 13.Bb2 Bf6 14.c3 Nb6 15.Ng3 Nxc4
16.bxc4 g6 17.Ba3 Re8 18.c5 d5 19.Bb2 exd4 20.cxd4 Be6 21.e5 Be7 22.Bc3 Kg7
23.Rb1 Qd7 24.Qd2 Rh8 25.f3 Rh4 26.Qb2 Rb8 27.Bxa5 Ra8 28.Bc3 Rxa4 29.Qxb7 Qe8
30.Ra1 Bc8 31.Qb8 Rc4 32.Ne2 Rh8 33.Ra7 g4 34.fxg4 Bg5 35.Rf1 Be3+ 36.Kh2 Be6
37.Qxe8 Rxe8 38.Rb1 Rxc3 39.Nxc3 Bxd4 40.Na4 Bxe5+ 41.g3 d4 42.Re1 Bd5 43.Nb6 Bxg3+
44.Kxg3 Rxe1 45.Nxd5 d3 46.Ra2 cxd5 47.Rd2 Re3+ 48.Kf4 Rxh3 49.c6 Kf6 50.g5+ Ke6
51.Kg4 Re3 52.c7 Kd7 53.Kf4 d4  0-1

[Event "TCh-ESP Selecciones Autonomicas"]
[Site "Gijon ESP"]
[Date "2011.05.01"]
[Round "4.5"]
[White "Villasenor Rubio,E"]
[Black "Redondo Arguelles,Gr"]
[Result "1-0"]
[WhiteElo "2154"]
[BlackElo "2071"]

1.d4 d6 2.e4 Nf6 3.Nc3 Nbd7 4.Nf3 e5 5.Bc4 Be7 6.O-O O-O 7.Re1 c6 8.a4 Rb8
9.h3 a6 10.a5 h6 11.b3 Re8 12.Bb2 Qc7 13.Qd2 Nf8 14.Bd3 Ne6 15.Ne2 Nd7 16.Ng3 Ng5
17.Nh2 exd4 18.Bxd4 Nc5 19.Bb2 Bf8 20.h4 Nxd3 21.cxd3 Ne6 22.Qc3 d5 23.Nf5 f6
24.Rac1 dxe4 25.Rxe4 Qf7 26.Rce1 Bd7 27.Ng4 Kh8 28.Qc4 Ng5 29.hxg5 Rxe4 30.dxe4 Be6
31.Qc3 hxg5 32.Re3 Rd8 33.Rd3 Rxd3 34.Qxd3 Bxb3 35.e5 Bc4 36.Qh3+ Kg8 37.exf6 Qg6
38.fxg7  1-0

[Event "TCh-ESP Selecciones Autonomicas"]
[Site "Gijon ESP"]
[Date "2011.05.01"]
[Round "4.3"]
[White "Fernandez Barrera,V"]
[Black "Garcia Castro,P"]
[Result "0-1"]
[WhiteElo "2335"]
[BlackElo "2399"]

1.e4 d6 2.d4 Nf6 3.Nc3 e5 4.Nf3 Nbd7 5.g3 c6 6.Bg2 b5 7.O-O Be7 8.Re1 O-O
9.b3 Bb7 10.Bb2 Re8 11.a4 a6 12.axb5 axb5 13.Rxa8 Qxa8 14.dxe5 dxe5 15.Qa1 Qb8
16.Ne2 Bd6 17.Nc1 Nc5 18.Nd2 Qc7 19.Bf1 Qb6 20.h3 Nh5 21.Kg2 g6 22.Be2 Ng7
23.Nd3 f6 24.f3 Ra8 25.Qc1 Rd8 26.Ba3 Nge6 27.Nxc5 Bxc5 28.Bxc5 Qxc5 29.Nf1 Nd4
30.Rd1 Ra8 31.Bd3 Bc8 32.Nd2 Be6 33.Qb2 Qa3 34.Qc3 c5 35.Nb1 Qa7 36.Nd2 Rc8
37.Ra1 Qd7 38.h4 g5 39.hxg5 fxg5 40.Qa5 c4 41.bxc4 bxc4 42.Bf1 Nxc2 43.Rc1 Ne3+
44.Kh2 c3 45.Nb1 Qd4 46.Be2 c2 47.Nd2 Rc5 48.Qa8+ Kg7 49.Qa7+ Kf6 50.f4 Qxd2
51.fxg5+ Kg6  0-1

[Event "TCh-ESP Selecciones Autonomicas"]
[Site "Gijon ESP"]
[Date "2011.05.01"]
[Round "5.2"]
[White "Lorente Penalba,D"]
[Black "Argandona Riveiro,I"]
[Result "1/2-1/2"]
[WhiteElo "2175"]
[BlackElo "2389"]

1.e4 d6 2.d4 Nf6 3.Nc3 e5 4.Nf3 Nbd7 5.g4 g6 6.g5 Nh5 7.dxe5 dxe5 8.Bc4 Bg7
9.Be3 O-O 10.Bb3 Nf4 11.Rg1 c6 12.Ne2 Qe7 13.Qd2 Nh3 14.Rg3 Nc5 15.Bxc5 Qxc5
16.Qe3 Qa5+ 17.c3 Nf4 18.Nxe5 Bxe5 19.Nxf4 Qc7 20.Nh5 gxh5 21.g6 Bxg3 22.Qh6 Bxf2+
23.Kf1 Bh3+ 24.Ke2 Bg4+ 25.Kf1 Bh3+ 26.Ke2 Bg4+  1/2-1/2